000 00506nam a2200169Ia 4500
008 230917s9999||||xx |||||||||||||| ||und||
020 _cUSD240
040 _e245186
_aMAIN
041 _aEnglish
082 _a620.118292 L881D
100 _aLopresto, Valentina, ed.
245 0 _aDynamic response and failure of composite materials and structures
260 _aCambridge
_bWoodhead Publishing
_c2017
300 _ax, 425 p.
500 _a3018 24/01/2018 RBP18/68859 05/02/2018 Main Budget
942 _cBK
999 _c25604
_d25604